Les 30 lignes de bus RATP les plus longues - Statistiques

Statistiques générales
  • Ce quiz a été pris 18 fois
  • Le résultat moyen est 14 sur 30
Statistiques - réponses
Par images Hint Réponse % Correct
47,8 km 351 (Nation <-> Aéroport CDG)
85%
19,3 km TVM (La Croix de Berny RER <-> Saint-Maur - Créteil RER)
85%
34,2 km 350 (Porte de la Chapelle <-> Aéroport CDG)
69%
15,8 km 183 (Marché de Rungis <-> Aéroport d'Orly)
62%
16,3 km 116 (Montreuil - Boissière-Acacia <-> Champigny - Saint-Maur RER)
54%
14,4 km 143 (La Courneuve - Aubervilliers RER <-> Rosny-sous-Bois RER)
54%
15,6 km 147 (Eglise de Pantin <-> Sevran - Collège La Pléiade)
54%
15,4 km 259 (Saint-Germain-en-Laye RER <-> Nanterre - Papeteries)
54%
21,0 km 299 (Porte d'Orléans <-> Morangis - Boileau)
54%
16,6 km 303 (Bobigny - Pablo Picasso <-> Noisy-le-Grand - Mont d'Est RER)
54%
19,5 km 308 (Créteil - Préfecture <-> Villiers-sur-Marne - Le-Plessis-Trévise RER)
54%
14,2 km 396 (La Croix de Berny RER <-> Marché de Rungis)
54%
14,3 km 93 (Suresnes - De Gaulle <-> Invalides)
54%
15,0 km 114 (Château de Vincennes <-> Villemomble - Les Coquetiers)
46%
16,4 km 146 (Le Bourget RER <-> Montfermeil - Les Bosquets)
46%
15,7 km 216 (Denfert-Rochereau <-> Marché de Rungis)
46%
19,3 km 319 (Massy - Palaiseau RER <-> Marché de Rungis)
46%
14,2 km 72 (Parc de Saint-Cloud <-> Gare de Lyon)
46%
16,8 km 111 (Terroirs de France <-> Champigny - Saint-Maur RER)
38%
16,3 km 220 (Bry-sur-Marne RER <-> Torcy RER)
38%
14,8 km 221 (Gallieni <-> Neuilly-sur-Marne - Pointe de Gournay)
38%
14,8 km 234 (Fort d'Aubervilliers <-> Mairie de Livry-Gargan)
38%
14,2 km 261 (Gare de Franconville <-> Villeneuve-la-Garenne - Bongarde)
38%
15,3 km 399 (Massy - Palaiseau RER <-> Juvisy RER)
38%
14,1 km 199 (Hôpital Paris-Saclay <-> Longjumeau - Rocade)
31%
16,5 km 211 (Circulaire Torcy RER)
31%
14,7 km 241 (Rueil-Malmaison RER <-> Porte d'Auteuil)
31%
15,6 km 297 (Antony RER <-> Longjumeau - Steber)
31%
16,0 km 312 (Circulaire Noisy - Champs RER)
31%
14,3 km 389 (Hôtel de Ville de Boulogne <-> Clamart - Georges Pompidou)
31%
Aucun quiz correspondant
Distribution des résultats
% des personnes avec chaque résultat
Percentile par nombre de réponses
Votre historique - résultats
Vous n’avez pas pris ce quiz